000 00437 a2200145 4500
999 _c2498
_d2498
020 _a9780745641768
050 _aHM 821 PLA 2011
100 _aPlatt, Lucinda
_eauthor
245 _aUnderstanding inequalities:
_bstratification & Difference /
_cby Lucinda Platt
264 _aCambridge :
_bPolity Press,
_c2011
300 _axi, 231p. :
_bill.
500 _aIncludes index
650 _aSocial stratification
942 _2lcc
_cBK
_h821
_iPLA
_kHM